000 00291cam a2200109ua 4500
082 _a824
_bPEA/EN
100 _aPeacock, William .
_91821
245 _aEnglish Prose Vol - I /
260 _aLondon :
_bGeoffrey Cambridge Oxford Universities Press ,
_c1921.
300 _a590 ; .
942 _cBK
999 _c12527
_d12527